000 00701nam a2200229Ia 4500
003 GCL
008 140319s9999 xx 000 0 ara d
040 _aGCL /
_cGCL
082 0 4 _a953.204
_bم ت
100 1 _aمجموعة من المؤلفين
245 1 0 _aتاريخ اليمن المعاصر 1982-1917 /
_cمجموعة من المؤلفين
700 1 _aمحمد على البحر
700 1 _aمحمد احمد على
260 _a[S.N] :
_bمكتبة مدبولى ،
_c1991
300 _a353 ص
490 _a
650 0 4 _aاليمن
650 0 4 _aالاحوال السياسية
650 0 4 _aالتاريخ الاسلامى
650 0 4 _aحرب اليمن
942 _2ddc
_cBK
999 _c55575
_d55575